00875 2200193 4500001002100000005001500021035002000036245004100056100001700097250001700114300002800131260003100159082000800190084001400198020002200212650002100234520039800255500002800653INLIS00000000000003320240319085244 a0010-03240000331 aKami Dijadikan Pupuk /cFadila Hanum0 aFadila Hanum acetakan ke-1 a36 hlm :bilus ;c19 cm aSolo :bTiga Ananda,c2018 a813 a813 FAD k a978-602-366-381-1 4aCerita Bergambar aKami dijadikan Pupuk Setelah tidak terpakai, Dapi, si daun pisang, akan menjadi sampah. Itulah yang membuatnya sedih. Sebab, sampah selalu membuat kotor dan tidak berguna, begitu pikirnya. Namun, hari ini terasa berbeda. Dapi tidak dibuang ke tempat sampah. Dapi dan teman-teman akan dibuat pupuk! Bagaimana, ya, caranya? Apakah pupuk dari sampah bisa bermanfaat? Cari tahu, yuk, di buku ini! aSeri Jika Sampah Bicara